مكتبة جامعة عجلون الوطنية

فهرس بحث المكتبة

Normal view MARC view
  • المدني،زياد عبد العزيز

Entry Personal Name

Number of records used in: 1

001 - CONTROL NUMBER

  • control field: 11096

003 - CONTROL NUMBER IDENTIFIER

  • control field: JO-AjAnu

005 - DATE AND TIME OF LATEST TRANSACTION

  • control field: 20230606072100.0

008 - FIXED-LENGTH DATA ELEMENTS

  • fixed length control field: 230606|| aca||aabn | a|a d

040 ## - CATALOGING SOURCE

  • Original cataloging agency: JO-AjAnu
  • Transcribing agency: JO-AjAnu

100 ## - HEADING--PERSONAL NAME

  • Personal name: المدني،زياد عبد العزيز

670 ## - SOURCE DATA FOUND

  • Source citation: Work cat.: (JO-AjAnu)5713: المدني،زياد عبد العزيز, author, وثائق تربوية أردنية في عهد الملك المؤسس عبدالله الأول بن الحسين 1921م-1951م